| 000 | 03161ngm a2200733 i 4500 | ||
|---|---|---|---|
| 001 | 991061509087906706 | ||
| 003 | ES-BaIT | ||
| 005 | 20251029113822.0 | ||
| 007 | vd asuu|k | ||
| 008 | 251029p20212021xxk127 vleng c | ||
| 024 | 3 | _a5060291820201 | |
| 035 | _a(OCoLC)1280061512 | ||
| 035 | _a(OCoLC)on1280061512 | ||
| 040 |
_aES-BaIT _bcat _erda _cES-BaIT |
||
| 041 |
_peng _qeng |
||
| 080 | _a793.5(086.8) | ||
| 130 |
_aRøde sko (Coreografia : Bourne) _9167689 |
||
| 245 | 0 | 4 |
_aThe Red shoes / _cAn Illuminations/New Adventures Production for BBC ; in association with Thirteen Production LLC for WNet ; directed and choreographed by Matthew Bourne ; directed for the screen by Ross MacGibbon. |
| 246 | 1 |
_iPrecedeix el títol: _aMatthew Bourne's |
|
| 264 | 1 |
_aUnited Kingdom : _bIlluminations / New Adventures, _c[2021] |
|
| 264 | 4 | _c©2021 | |
| 300 |
_a1 videodisc (aproximadament 127 min) : _bso, color ; _c12 cm |
||
| 336 |
_aimatge en moviment bidimensional _btdi _2rdacontent |
||
| 337 |
_avídeo _bv _2rdamedia |
||
| 338 |
_avideodisc _bvd _2rdacarrier |
||
| 344 |
_adigital _2rdatr |
||
| 344 |
_bòptic _2rdarm |
||
| 344 |
_gestèreo _2rdacpc |
||
| 344 |
_gso envoltant _2rdacpc |
||
| 344 | _hLCPM | ||
| 344 | _hDolby digital 5.1 | ||
| 346 | _bNTSC | ||
| 347 | _afitxer vídeo | ||
| 347 | _bBlu-ray | ||
| 347 | _etotes les regions | ||
| 500 | _aBasat en la pel·lícula de Michael Powell i Emeric Pressburger i en el conte de Hans Christian Andersen | ||
| 500 | _aExtres: Com es va fer " The red shoes" | ||
| 508 | _aEscenografia i figurinistme: Lez Brotherston ; il·luminació: Paule Constable ; música Bernard Herrmann ; director d'orquestra: Brett Morris. | ||
| 511 | 1 | _aAshley Shaw, Adam Cooper, Dominic North, Liam Mower, Michela Meazza, Glenn Graham | |
| 518 | _aEnregistrat at Sadler's Wells el 2019. | ||
| 532 | 1 | _aSubtítols en anglès només pels extres per persones sordes | |
| 600 | 0 |
_aAndersen, H. C. _q(Hans Christian), _d1805-1875 _xAdaptacions cinematogràfiques i de vídeo _9123656 |
|
| 650 | 7 |
_aDansa clàssica _xCoreografies _956589 |
|
| 650 | 0 |
_aDansa filmada _9166159 |
|
| 700 | 1 |
_aBourne, Matthew _edirector d'escena, _ecoreògraf _99477 |
|
| 700 | 1 |
_aMacGibbon, Ross _edirector cinematogràfic _930789 |
|
| 700 |
_aHerrmann, Bernard, _d1911-1975 _ecompositor _9127113 |
||
| 700 | 1 |
_aShaw, Ashley _eballarí _9167080 |
|
| 700 |
_aCooper, Adam _eballarí _9116446 |
||
| 700 | 1 |
_aNorth, Dominic, _d1983- _eballarí |
|
| 700 | 1 |
_aMeazza, Michela _eballarí _9167082 |
|
| 700 | 1 |
_aMower, Liam, _d1992- _eballarí _9167083 |
|
| 700 | 1 |
_aGraham, Glenn _eballarí _9167690 |
|
| 700 |
_aMorris, Brett _edirector d'orquestra _9128554 |
||
| 700 | 1 |
_aBrotherston, Lez _edissenyador, _efigurinista _9167090 |
|
| 700 | 1 |
_aConstable, Paule _edissenyador _9167691 |
|
| 710 | 2 |
_aSadler's Wells Theatre (Londres, Anglaterra) _eproductor. _9126789 |
|
| 710 | 2 |
_aNew Adventures (Londres, Anglaterra), _ecompanyia productora _9167097 |
|
| 710 | 2 |
_aIlluminations Films _ecompanyia productora _9167692 |
|
| 740 | 0 | _aRed shoes (Coreografia : Bourne) | |
| 908 | _aCDMAE | ||
| 940 | _aOCLC | ||
| 942 |
_2udc _c1 |
||
| 999 |
_c136766 _d136766 |
||